Normal view
MARC view
- Mi, Chunting Chris.
Entry Personal Name
001 - CONTROL NUMBER
- control field: 53253
003 - CONTROL NUMBER IDENTIFIER
- control field: OSt
005 - DATE AND TIME OF LATEST TRANSACTION
- control field: 20240223145144.0
008 - FIXED-LENGTH DATA ELEMENTS
- fixed length control field: 240223|| aca||aabn | a|a d
040 ## - CATALOGING SOURCE
- Original cataloging agency: OSt
- Transcribing agency: OSt
100 ## - HEADING--PERSONAL NAME
- Personal name: Mi, Chunting Chris.
- Relator term: author.
670 ## - SOURCE DATA FOUND
- Source citation: Work cat.: (OSt): Chen, Ting. author. 12378, A multi-load capacitive power relay system with load-independent constant current outputs /, May 2022.
